| 000 | 004830000a22001930004500 | ||
|---|---|---|---|
| 001 | 003647 | ||
| 003 | MACL | ||
| 005 | 20151003111104.0 | ||
| 008 | 151003b xxu||||| |||| 00| 0 eng d | ||
| 040 |
_aMACL _cMACL |
||
| 041 | _aEnglish | ||
| 082 | _a900.54/SEN | ||
| 100 |
_aZakaria, Rafiq _91794 |
||
| 245 |
_aCommunal Rage in Secular India _cRafiq Zakaria |
||
| 260 |
_aDelhi _c2003 _bPopular Prakashan, |
||
| 350 | _a350 | ||
| 650 |
_aGarden crops _913314 |
||
| 942 |
_k901 _cBK _2ddc |
||
| 999 |
_c15544 _d15544 |
||